书目信息 |
| 题名: |
中国人民政治协商会议第十届全国委员会第一次会议文件
|
|
| 作者: | ;中国人民政治协商会议全国委员会办公厅 编 | |
| 分册: | ||
| 出版信息: | 北京 人民出版社 2003 |
|
| 页数: | 132页 | |
| 开本: | 20cm | |
| 丛书名: | ||
| 单 册: | ||
| 中图分类: | D627 | |
| 科图分类: | ||
| 主题词: | 中国人民政治协商会议十届--文件--汇编 | |
| 电子资源: | ||
| ISBN: | 7-01-003909-7 | |
| 000 | 00868nam0 2200193 450 | |
| 001 | 0753863205 | |
| 005 | 20070710105043.67 | |
| 010 | @a7-01-003909-7@dCNY6.00 | |
| 100 | @a20070704d2003 km y0chiy0120 ea | |
| 101 | 0 | @achi |
| 102 | @aCN@b110000 | |
| 200 | 1 | @a中国人民政治协商会议第十届全国委员会第一次会议文件@Azhong guo ren min zheng zhi xie shang hui yi di shi jie quan guo wei yuan hui di yi ci hui yi wen jian@f中国人民政治协商会议全国委员会办公厅编@Fzhong guo ren min zheng zhi xie shang hui yi quan guo wei yuan hui ban gong ting bian |
| 210 | @a北京@c人民出版社@d2003 | |
| 215 | @a132页@d20cm | |
| 606 | 0 | @a中国人民政治协商会议十届@x文件@x汇编 |
| 690 | @aD627@v3 | |
| 711 | 02 | @a中国人民政治协商会议全国委员会办公厅@Azhong guo ren min zheng zhi xie shang hui yi quan guo wei yuan hui ban gong ting@4编 |
| 801 | 0 | @aCN@bPFT@c20070710 |
| 905 | @a10447@dD627@e36:10 | |
| 中国人民政治协商会议第十届全国委员会第一次会议文件/中国人民政治协商会议全国委员会办公厅编.-北京:人民出版社,2003 |
| 132页;20cm |
| ISBN 7-01-003909-7:CNY6.00 |
| ● |
| 相关链接 |
|
|
|
|
正题名:中国人民政治协商会议第十届全国委员会第一次会议文件
索取号:D627/36:10
 
预约/预借
| 序号 | 登录号 | 条形码 | 馆藏地/架位号 | 状态 | 备注 |
| 1 | 0765304 | 207653047 | 第一样本阅览室/ [索取号:D627/36:10] | 在馆 | |
| 2 | 0766010 | 207660100 | 密集书库/ [索取号:D627/36:10] | 在馆 | |
| 3 | 0768376 | 207683764 | 密集书库/ [索取号:D627/36:10] | 在馆 |